[Event "Porto Alegre Oncosinos op"]
[Site "Porto Alegre"]
[Date "2015.09.05"]
[Round "2"]
[White "Cesa, Carlos Alberto"]
[Black "Izidro, Paulo Ricardo"]
[Result "0-1"]
[WhiteElo "1706"]
[BlackElo "1800"]
[PlyCount "94"]
[EventDate "2015.09.04"]
[EventType "swiss"]
[EventRounds "7"]
[EventCountry "BRA"]
[SourceTitle "EXT 2016"]
[Source "ChessBase"]
[SourceDate "2015.10.08"]
[SourceVersion "1"]
[SourceVersionDate "2015.10.08"]
[SourceQuality "1"]

1. e4 e5 2. Nf3 Nc6 3. Bc4 Be7 4. d4 d6 5. d5 Na5 6. Bd3 Nf6 7. b4 Nc4 8. Bxc4 Nxe4 9. Bb5+ Bd7 10. c4 Bxb5 11. cxb5 0-0 12. Qc2 f5 13. h4 h6 14. a4 Qd7 15. Nbd2 Nf6 16. Qb3 Rac8 17. 0-0 f4 18. Bb2 e4 19. Nd4 f3 20. gxf3 Qh3 21. f4 Qxh4 22. Qg3 Qxg3+ 23. fxg3 e3 24. Ne6 Rf7 25. Nf3 Nxd5 26. Bd4 Bf6 27. Bxf6 Rxf6 28. Ned4 Nxb4 29. Nh4 Re8 30. Nhf5 e2 31. Rfb1 Nd3 32. Nf3 Rxf5 33. Rb3 e1Q+ 34. Nxe1 Rxe1+ 35. Rxe1 Nxe1 36. Re3 Nc2 37. Re2 Nd4 38. Re4 Nf3+ 39. Kf2 Nd2 40. Rd4 Nb3 41. Rb4 Nc5 42. g4 Nd3+ 43. Ke3 Nxb4 44. gxf5 Nd5+ 45. Ke4 Nf6+ 46. Kf3 d5 47. Ke3 h5 0-1

[Event "Porto Alegre Oncosinos op"]
[Site "Porto Alegre"]
[Date "2015.09.04"]
[Round "1"]
[White "Pedroso, Denian"]
[Black "Cesa, Carlos Alberto"]
[Result "1-0"]
[WhiteElo "1730"]
[BlackElo "1706"]
[PlyCount "37"]
[EventDate "2015.09.04"]
[EventType "swiss"]
[EventRounds "7"]
[EventCountry "BRA"]
[SourceTitle "EXT 2016"]
[Source "ChessBase"]
[SourceDate "2015.10.08"]
[SourceVersion "1"]
[SourceVersionDate "2015.10.08"]
[SourceQuality "1"]

1. e4 e5 2. Nf3 Bd6 3. Bc4 h6 4. d4 Qe7 5. Nc3 c6 6. 0-0 b5 7. Bb3 Ba6 8. dxe5 Bxe5 9. Nxe5 Qxe5 10. Re1 Nf6 11. Nd5 0-0 12. f4 Qh5 13. Nxf6+ Kh8 14. Nxh5 b4 15. f5 Bb5 16. Bxh6 gxh6 17. Qd4+ f6 18. Nxf6 Rxf6 19. Qxf6+ 1-0